| LEADER 00000nama 2200000uu 4500 |
| 001 198294 |
| 003 ULIBM |
| 008 040531s|||| th m m a000 0 tha d |
| 020 9789748825168 |
| 041 tha |
| 050 WS280 P791 2550 |
| 100 จิตลัดดา ดีโรจนวงศ์. |
| 245 Pediatric Respiratory Diseases : Integration of Clinical Sciences into Practices/บรรณาธิการ จิตลัดดา ดีโรจนวงศื,ดุสิต สถาวร และนวลจันทร์ ปราบพาล. |
| 260 กรุงเทพฯ. ชมรมโรคระบบหายใจและเวชบำบัดวิกฤตในเด็กแห่งประเทศไทย. 2550. |
| 300 290 หน้า. |
| 600 I.ชมรมโรคระบบหายใจและเวชบำบัดวิกฤตในเด็กแห่งประเทศไทย. |
| 650 1.ทางเดินอากาศ,หายใจ--การรักษา 2.ผู้ป่วยหนัก,การดูแล--ในเด็ก 3.ทางเดินอากาศหายใจ,โรค--การวินิจฉัย. |
| 995 001 |